00838cam a2200253 i 45000010009000000050017000090080041000260100017000670200025000840400023001090410008001320420008001400430012001480800016001600820020001761000007001961010008002032450133002115040051003449060045003959420012004409990017004529520115004691757686120180206042644.0121231s2013 nyua b 001 0 eng  a 2012050082 a9780393921069 (pbk.) aDLCbengcDLCerda aeng apcc an-us--- a320.473 WIL00a320.473 WIL2231 a22 aPOL10aAmerican politics today /cWilliam T. Bianco, Indiana University, Bloomington, David T. Canon, University of Wisconsin, Madison. aIncludes bibliographical references and index. a7bcbccorignewd1eecipf20gy-gencatlg 2ddccBK c41893d41893 00102ddc40708PËKGa002b002cPËKGd2018-02-06l0o320.473 WILp002-2999248r2018-02-06w2018-02-06yBK